000 00563nam a2200181Ia 4500
008 210719s2015 xx 000 0 und d
041 _aeng
082 _a657.42 SHET
100 _aSHETTY (Balakrishna G)
245 _aText book of cost and management accounting I: Bcom III sem Ed 1
250 _a1
260 _aMangaluru
_bUniversal King Publishers
_c2015
300 _ax,306
_bPB
365 _b170
_cRs
650 _aCost Accounting
650 _aCost Accounting
906 _a1 ; accounting ; Bcom ; book ; cost ; Ed ; I: ; III ; management ; sem ; Text
999 _c215785
_d215785